Účtovné a daňové aspekty prenájmov dlhodobého hmotného majetku v SR diplomová práca

Uložené v:
Podrobná bibliografia
Hlavný autor: Satinová, Daniela
Korporativný autor: Fakulta hospodárskej informatiky EU. Katedra účtovníctva a audítorstva
Ďalší autori: Szász, Marek
Médium: Kniha
Jazyk:Slovak
Vydavateľské údaje: Bratislava 2012
Tagy: Pridať tag
Žiadne tagy, Buďte prvý, kto otaguje tento záznam!

MARC

LEADER 00000nbm a2200000 4500
001 0154700
005 20161109102138.7
041 0 |a slo 
044 |a SK 
245 1 0 |a Účtovné a daňové aspekty prenájmov dlhodobého hmotného majetku v SR  |b diplomová práca  |c Daniela Satinová ; školiteľ: Marek Szász 
264 1 |a Bratislava  |c 2012 
300 |a 74 s. 
100 1 |a Satinová, Daniela 
700 1 |a Szász, Marek 
710 2 |a Fakulta hospodárskej informatiky EU. Katedra účtovníctva a audítorstva